Diario-boceto / (Record no. 1037)

MARC details
000 -LEADER
campo de control de longitud fija 00998nam a22002537a 4500
008 - DATOS DE LONGITUD FIJA--INFORMACIÓN GENERAL
campo de control de longitud fija 160827s2016 ag||||| |||| 00| 0 spa d
020 ## - NÚMERO INTERNACIONAL ESTÁNDAR DEL LIBRO
Número Internacional Estándar del Libro 9789875001800
082 04 - NÚMERO DE LA CLASIFICACIÓN DECIMAL DEWEY
Número de clasificación 720
Número de ítem N672d
100 1# - ENTRADA PRINCIPAL--NOMBRE DE PERSONA
Nombre de persona Niemeyer, Oscar.
9 (RLIN) 5484
245 10 - MENCIÓN DEL TÍTULO
Título Diario-boceto /
Mención de responsabilidad, etc. Oscar Niemeyer ; compilado y traducido por Teresa Arijón y Bárbara Belloc.
250 ## - MENCION DE EDICION
Mención de edición 1a ed.
260 ## - PUBLICACIÓN, DISTRIBUCIÓN, ETC.
Lugar de publicación, distribución, etc. Buenos Aires, Argentina :
Nombre del editor, distribuidor, etc. Manantial,
Fecha de publicación, distribución, etc. 2016.
300 ## - DESCRIPCIÓN FÍSICA
Extensión 230 p.
440 #0 - MENCIÓN DE SERIE/PUNTO DE ACCESO ADICIONAL--TÍTULO
Título Nomadismos.
9 (RLIN) 5481
505 0# - NOTA DE CONTENIDO CON FORMATO
Título Oscar Niemeyer: un hombre, un siglo
Mención de responsabilidad Teresa Arijón.
Título La forma en la arquitectura.
-- Mi arquitectura.
-- Mi experiencia.
-- Mi experiencia en Brasilia.
-- Crónicas.
-- Las curvas del tiempo, memorias.
653 10 - TÉRMINO DE INDIZACIÓN--NO CONTROLADO
Término no controlado Arquitectura - Siglo XX
653 10 - TÉRMINO DE INDIZACIÓN--NO CONTROLADO
Término no controlado Diseño arquitectónico
653 10 - TÉRMINO DE INDIZACIÓN--NO CONTROLADO
Término no controlado Arquitectura - Brasil
653 10 - TÉRMINO DE INDIZACIÓN--NO CONTROLADO
Término no controlado Artistas brasileños
653 10 - TÉRMINO DE INDIZACIÓN--NO CONTROLADO
Término no controlado Filosofía de la arquitectura
653 10 - TÉRMINO DE INDIZACIÓN--NO CONTROLADO
Término no controlado Ensayos
700 1# - ENTRADA AGREGADA--NOMBRE PERSONAL
Nombre de persona Arijón, Teresa.
Término indicativo de función/relación traductora.
9 (RLIN) 5485
700 1# - ENTRADA AGREGADA--NOMBRE PERSONAL
Nombre de persona Belloc, Bárbara.
Término indicativo de función/relación traductora.
9 (RLIN) 5486
Holdings
Estatus retirado Estado de pérdida Fuente del sistema de clasificación o colocación Estado de daño No para préstamo Biblioteca de origen Biblioteca actual Ubicación en estantería Fecha de adquisición Total de préstamos Signatura topográfica completa Código de barras Visto por última vez Precio de reemplazo Tipo de ítem Koha
    Clasificación Decimal Dewey     Biblioteca LadoV Biblioteca LadoV   27/08/2016   720 N672d 004233 27/08/2016 27/08/2016 Material 01